The creature of the pines #1 / by Adam Gidwitz ; ... Read More
Available copies
- 1 of 1 copy available at LARL/NWRL Consortium.
- 1 of 1 copy available at Northwest Regional Library. (Show preferred library)
Current holds
1 current hold with 1 total copy.
Show Only Available Copies
| Location | Call Number / Copy Notes | Barcode | Shelving Location | Status | Due Date |
|---|---|---|---|---|---|
| Barb Geer Memorial LINK Site | j GID (Text) | 35500006049447 | Main | Available | - |
Record details
- ISBN: 9780735231702
- ISBN: 0735231702
- Physical Description: 167 pages : illustrations ; 22 cm.
- Publisher: [New York, NY] : Dutton Children's Books, [2018]
- Copyright: ©2018
Content descriptions
| Summary, etc.: | After encountering a Jersey Devil while on a field ... Read More |
Search for related items by subject
| Genre: | Animal fiction. Novels. |
Search for related items by series
| LDR | 01821cam a22004578i 4500 | ||
|---|---|---|---|
| 001 | 289895 | ||
| 003 | LARL_NWRL_CONSORTIUM | ||
| 005 | 20180619201450.0 | ||
| 008 | 171218t20182018nyua c 000 f eng | ||
| 010 | . | ‡a 2017053839 | |
| 020 | . | ‡a9780735231702 ‡q(hardcover) | |
| 020 | . | ‡a0735231702 | |
| 020 | . | ‡z9780735231719 (epub) | |
| 035 | . | ‡a(OCoLC)1002291982 | |
| 040 | . | ‡aDLC ‡beng ‡erda ‡cDLC ‡dGK8 | |
| 042 | . | ‡alcac ‡apcc | |
| 082 | 0 | 0. | ‡a[Fic] ‡223 |
| 084 | . | ‡aJUV022000 ‡aJUV039060 ‡aJUV016000 ‡2bisacsh | |
| 100 | 1 | . | ‡aGidwitz, Adam, ‡eauthor. ‡0(LARL_NWRL_CONSORTIUM)221107 |
| 245 | 1 | 4. | ‡aThe creature of the pines ‡n#1 / ‡cby Adam Gidwitz ; illustrated by Hatem Aly. |
| 264 | 1. | ‡a[New York, NY] : ‡bDutton Children's Books, ‡c[2018] | |
| 264 | 4. | ‡c©2018 | |
| 300 | . | ‡a167 pages : ‡billustrations ; ‡c22 cm. | |
| 336 | . | ‡atext ‡btxt ‡2rdacontent | |
| 337 | . | ‡aunmediated ‡bn ‡2rdamedia | |
| 338 | . | ‡avolume ‡bnc ‡2rdacarrier | |
| 490 | 0 | . | ‡aUnicorn Rescue Society ; ‡v1 |
| 520 | . | ‡aAfter encountering a Jersey Devil while on a field trip to the Pine Barrens, Elliot and his new friend Uchenna help their weird teacher Professor Fauna rescue the mythological creature from a pair of greedy billionaire brothers. | |
| 650 | 1. | ‡aAnimals, Mythical ‡vFiction. ‡0(LARL_NWRL_CONSORTIUM)170655 | |
| 650 | 1. | ‡aAnimal rescue ‡vFiction. | |
| 650 | 1. | ‡aFriendship ‡vFiction. ‡0(LARL_NWRL_CONSORTIUM)164944 | |
| 650 | 7. | ‡aJUVENILE FICTION / Legends, Myths, Fables / General. ‡2bisacsh | |
| 650 | 7. | ‡aJUVENILE FICTION / Social Issues / Friendship. ‡2bisacsh | |
| 650 | 7. | ‡aJUVENILE FICTION / Historical / General. ‡2bisacsh | |
| 655 | 7. | ‡aAnimal fiction. ‡2lcgft | |
| 655 | 7. | ‡aNovels. ‡2lcgft | |
| 700 | 1 | . | ‡aAly, Hatem, ‡eillustrator. |
| 901 | . | ‡a289895 ‡b ‡c289895 ‡tbiblio | |

Add to basket
Permalink
Disable Highlighting